| 000 | 00551nam a2200181Ia 4500 | ||
|---|---|---|---|
| 003 | GCL | ||
| 008 | 140319s9999 xx 000 0 eng d | ||
| 040 |
_aGCL / _cGCL |
||
| 082 | 0 | 4 |
_a153.35082 _bK C |
| 100 | 1 | _aKAVALER ADLER, SUSASE | |
| 245 | 1 | 0 |
_aThe Compulsion to create: A psychonanalytic Study of wamen artists / _cKAVALER ADLER, SUSASE |
| 260 |
_a[S.N] : _bROUTLEDGE ، _c1993 |
||
| 300 | _a356 | ||
| 650 | 0 | 4 | _aWOMEN AUTHORS - MENTAL HEALTH |
| 650 | 0 | 4 | _aWOMEN AUTHORS - PSYCHOLOGY |
| 650 | 0 | 4 | _aCREATION LITERARY, ARTIST |
| 942 |
_2ddc _cBK |
||
| 999 |
_c17340 _d17340 |
||